Optimización del cálculo de vibraciones en una gradería prefabricada y en un entrepiso tomando en cuenta los efectos de la actividad humana
Guardado en:
| Hovedforfatter: | |
|---|---|
| Format: | Bog |
| Udgivet: |
San José, C.R.
2001
|
| Fag: | |
| Tags: |
Tilføj Tag
Ingen Tags, Vær først til at tagge denne postø!
|
MARC
| LEADER | 00000nam a2200000Ia 4500 | ||
|---|---|---|---|
| 003 | 008683 | ||
| 005 | 20221231144203.0 | ||
| 008 | 140114s2001 cr a m 000 ||s d | ||
| 040 | |c cru CEDI | ||
| 090 | |a TFG 4277 | ||
| 100 | |a Rojas Pastor, Juan Carlos |9 7884 | ||
| 245 | |a Optimización del cálculo de vibraciones en una gradería prefabricada y en un entrepiso tomando en cuenta los efectos de la actividad humana | ||
| 260 | |c 2001 |a San José, C.R. | ||
| 300 | |a 49 hojas : ilustraciones | ||
| 500 | |a Proyecto de graduación (licenciatura en ingeniería civil)--Universidad de Costa Rica. Facultad de Ingeniería. Escuela de Ingeniería Civil | ||
| 650 | |x ESTRUCTURAS DE HORMIGON ARMADO |x DISEÑO DE ESTRUCTURAS |x VIBRACION (INGENIERIA) |9 7885 | ||
| 942 | |c TFG | ||
| 999 | |c 18159 |d 18159 | ||
